Sports Quiz

Random Sports or NFL Quiz

NFL Passing TDs (2014) Quiz Stats

Quiz Updated Aug 17, 2015

Challenge
Share
Tweet
Embed
Score 0/60 Timer 07:00
0 Plays Today
TDs Player % Correct
39Peyton Manning
99.4%
30Eli Manning
99.3%
33Tom Brady
98.9%
38Aaron Rodgers
98.2%
34Tony Romo
98.1%
40Andrew Luck
98.1%
33Drew Brees
98%
31Philip Rivers
96.1%
20Russell Wilson
95.6%
28Matt Ryan
95.5%
27Joe Flacco
95.4%
28Jay Cutler
95%
22Matthew Stafford
94.3%
18Cam Newton
93.7%
18Alex Smith
93.6%
13Geno Smith
93.4%
32Ben Roethlisberger
92.4%
19Andy Dalton
91.1%
19Colin Kaepernick
90.4%
27Ryan Tannehill
89.2%
21Derek Carr
85.1%
4Robert Griffin III
83.2%
11Carson Palmer
82.3%
14Teddy Bridgewater
82%
13Nick Foles
81.5%
17Ryan Fitzpatrick
79.4%
14Mark Sanchez
77.3%
5EJ Manuel
72.4%
11Blake Bortles
70.4%
3Michael Vick
68.2%
TDs Player % Correct
10Kirk Cousins
67%
12Brian Hoyer
65.5%
18Kyle Orton
58.4%
11Josh McCown
57.9%
4Colt McCoy
54.2%
3Matt Cassel
53%
5Jake Locker
50.6%
10Mike Glennon
44.4%
8Zach Mettenberger
42.4%
2Matt Hasselbeck
41.5%
5Derek Anderson
41.1%
8Shaun Hill
40.8%
7Drew Stanton
39.4%
3Chad Henne
39.1%
12Austin Davis
38.3%
3Brandon Weeden
36.6%
2Ryan Lindley
32.6%
2Ryan Mallett
32.2%
2Jimmy Clausen
31.8%
1Blaine Gabbert
30.5%
2Case Keenum
30%
1Brock Osweiler
28.4%
1Antonio Brown
27.1%
7Charlie Whitehurst
26.1%
1Logan Thomas
21%
1Arian Foster
19.7%
1Jimmy Garoppolo
19%
1Mohamed Sanu
17.5%
1Matt McGloin
11.3%
1Cecil Shorts III
7.6%

You're not logged in!

Compare scores with friends on all Sporcle quizzes.
Sign Up with Email
OR
Log In

You Might Also Like...

Show Comments

Extras

Top Quizzes Today


Score Distribution

Your Account Isn't Verified!

In order to create a playlist on Sporcle, you need to verify the email address you used during registration. Go to your Sporcle Settings to finish the process.